[Event "9th OHRA Crown Group"]
[Site "Amsterdam NED"]
[Date "1990.07.31"]
[Round "3"]
[White "Azmaiparashvili, Zurab"]
[Black "Kortschnoj, Viktor"]
[Result "1/2-1/2"]
[WhiteElo "2575"]
[BlackElo "2630"]
[EventDate "1990.07.29"]
[PlyCount "70"]

1.c4 e5 2.Nc3 Nc6 3.g3 g6 4.Rb1 a5 5.a3 Bg7 6.b4 axb4 7.axb4 d6 8.Bg2 Nf6 
9.d3 O-O 10.Bg5 Ne7 11.Nf3 Ne8 12.O-O h6 13.Bxe7 Qxe7 14.Nd5 Qd8 15.b5 c6 
16.bxc6 bxc6 17.Nb6 Ra6 18.Nxc8 Qxc8 19.Ne1 Nc7 20.Nc2 Ne6 21.Nb4 Rb6 22.
Nc2 Qb7 23.Rxb6 Qxb6 24.Qb1 Rb8 25.Qxb6 Rxb6 26.Rc1 Nc5 27.Ne3 Kh7 28.g4 
Bf6 29.Nf1 Bh4 30.Ng3 Bxg3 31.hxg3 Kg7 32.Ra1 Rb2 33.Bf3 f5 34.gxf5 gxf5 
35.Kf1 e4 1/2-1/2

[Event "9th OHRA Crown Group"]
[Site "Amsterdam NED"]
[Date "1990.08.05"]
[Round "7"]
[White "Van der Wiel, John"]
[Black "Kortschnoj, Viktor"]
[Result "1/2-1/2"]
[WhiteElo "2555"]
[BlackElo "2630"]
[EventDate "1990.07.29"]
[PlyCount "43"]

1.e4 e6 2.d4 d5 3.Nc3 dxe4 4.Nxe4 Nd7 5.Nf3 Ngf6 6.Nxf6+ Nxf6 7.Bg5 c5 8.
dxc5 Qa5+ 9.c3 Qxc5 10.Bd3 Bd7 11.O-O Bd6 12.Qe2 Bc6 13.Bxf6 gxf6 14.Nd4 
O-O-O 15.Nxc6 Qxc6 16.Rfd1 h5 17.Qe4 Qc7 18.h3 f5 19.Qf3 h4 20.a4 Rhg8 21.
a5 Qc6 22.Be2 1/2-1/2

[Event "9th OHRA Crown Group"]
[Site "Amsterdam NED"]
[Date "1990.08.09"]
[Round "10"]
[White "Azmaiparashvili, Zurab"]
[Black "Portisch, Lajos"]
[Result "1/2-1/2"]
[WhiteElo "2575"]
[BlackElo "2590"]
[EventDate "1990.07.29"]
[PlyCount "29"]

1.Nf3 e6 2.g3 b6 3.Bg2 Bb7 4.O-O Nf6 5.c4 c5 6.Nc3 Be7 7.d4 cxd4 8.Qxd4 d6
9.Rd1 a6 10.b3 Nbd7 11.e4 Rc8 12.Ba3 Nc5 13.e5 Bxf3 14.Bxf3 dxe5 15.Qxe5 
1/2-1/2